| 000 | 00742nam a2200241Ia 4500 | ||
|---|---|---|---|
| 008 | 130821s1999 sp gr dspa | ||
| 020 | _a8401422663 | ||
| 040 |
_aCo-BoUCM _bspa |
||
| 041 | 0 | 0 | _aspa |
| 100 |
_aFrank, Ana _9637 |
||
| 245 | 0 | 0 |
_aDiario _cAna Frank |
| 250 | _a10a. ed | ||
| 260 |
_aBarcelona (España) _bPlaza Janés _c1999 |
||
| 300 | _a294 páginas | ||
| 490 | _aAve Fénix | ||
| 600 |
_aFrank, Ana _y1929-1945 _vCorrespondencia, memorias, etc. _9158037 |
||
| 650 | 0 | 4 |
_aAntisemitismo _99173 |
| 650 | 0 | 4 |
_aDiarios íntimos alemanes _913195 |
| 650 | 0 | 4 |
_aJudíos en Europa _918104 |
| 700 |
_aPuls, Diego _eTr _9158038 |
||
| 942 |
_cLIBRO _a19 _e1 _mF828D _2DEWEY _h920.72 |
||
| 999 |
_c30842 _d30842 |
||